|
|
|
|
| LEADER |
00000nam0a2200000 4500 |
| 001 |
225155 |
| 005 |
20231101230638.0 |
| 010 |
|
|
|a 9785942756673
|
| 035 |
|
|
|a (RuTPU)RU\TPU\book\245488
|
| 090 |
|
|
|a 225155
|
| 100 |
|
|
|a 20121106d2013 m y0rusy50 ca
|
| 101 |
0 |
|
|a rus
|
| 102 |
|
|
|a RU
|
| 105 |
|
|
|a a j 001zy
|
| 200 |
1 |
|
|a Интеллектуальные системы защиты информации
|e учебное пособие
|f В. И. Васильев
|
| 205 |
|
|
|a 2-е изд., испр. и доп.
|
| 210 |
|
|
|a Москва
|c Машиностроение
|d 2013
|
| 215 |
|
|
|a 172 с.
|c ил.
|
| 225 |
1 |
|
|a Для вузов
|
| 320 |
|
|
|a Библиогр.: с. 161-171.
|
| 330 |
|
|
|a Рассмотрены основы построения интеллектуальных систем защиты информации в корпоративных информационных системах. Особое внимание уделено построению биометриче ских систем идентификации личности, систем обнаружения и предотвращения вторжений, анализа и управления информационными рисками. Изложены современные подходы к созданию данного класса систем с использованием методов теории нейронных сетей, искусственных иммунных систем, нечетких когнитивных моделей.Предназначено для студентов высших учебных заведений, обучающихся по специализациям специальности «Комплексное обеспечение информационной безопасности автоматизированных систем».
|
| 606 |
1 |
|
|a Вычислительные машины электронные персональные
|x Защита информации
|2 stltpush
|3 (RuTPU)RU\TPU\subj\4209
|9 32503
|
| 610 |
1 |
|
|a информация
|
| 610 |
1 |
|
|a защищенность
|
| 610 |
1 |
|
|a интеллектуальные системы
|
| 610 |
1 |
|
|a личность
|
| 610 |
1 |
|
|a идентификация
|
| 610 |
1 |
|
|a биометрические системы
|
| 610 |
1 |
|
|a распознавание образов
|
| 610 |
1 |
|
|a атаки
|
| 610 |
1 |
|
|a обнаружение
|
| 610 |
1 |
|
|a нейросетевые системы
|
| 610 |
1 |
|
|a искусственные иммунные системы
|
| 610 |
1 |
|
|a сложные системы
|
| 610 |
1 |
|
|a когнитивное моделирование
|
| 610 |
1 |
|
|a информационные риски
|
| 610 |
1 |
|
|a анализ
|
| 610 |
1 |
|
|a управление
|
| 610 |
1 |
|
|a учебные пособия
|
| 675 |
|
|
|a 004.056(75.8)
|v 4
|
| 700 |
|
1 |
|a Васильев
|b В. И.
|g Владимир Иванович
|
| 801 |
|
1 |
|a RU
|b 63413507
|c 20121106
|
| 801 |
|
2 |
|a RU
|b 63413507
|c 20150630
|g RCR
|
| 900 |
|
|
|a Интеллектуальные информационные системы
|
| 942 |
|
|
|c BK
|
| 951 |
|
|
|l 8.2
|
| 959 |
|
|
|a 125/20121005
|d 2
|e 250,00
|f ЧЗТЛ:1
|f АНЛ:1
|
| 959 |
|
|
|a 21/20130206
|d 5
|e 250,00
|f ЧЗТЛ:1
|f АНЛ:1
|f УФ:3
|